<?xml version="1.0" encoding="UTF-8"?>
<record
    xmlns:xsi="http://www.w3.org/2001/XMLSchema-instance"
    xsi:schemaLocation="http://www.loc.gov/MARC21/slim http://www.loc.gov/standards/marcxml/schema/MARC21slim.xsd"
    xmlns="http://www.loc.gov/MARC21/slim">

  <leader>01541cam a2200385   4500</leader>
  <datafield tag="999" ind1=" " ind2=" ">
    <subfield code="c">24170</subfield>
    <subfield code="d">24170</subfield>
  </datafield>
  <controlfield tag="001">vtls012230816</controlfield>
  <controlfield tag="005">20260506091302.0</controlfield>
  <controlfield tag="008">230530s2023    xo a   e      000 j slo  </controlfield>
  <datafield tag="020" ind1=" " ind2=" ">
    <subfield code="a">9788055188249</subfield>
    <subfield code="q">(viazan&#xE9;)</subfield>
  </datafield>
  <datafield tag="040" ind1=" " ind2=" ">
    <subfield code="a">SAVUK</subfield>
    <subfield code="b">slo</subfield>
    <subfield code="c">SAVUK</subfield>
    <subfield code="d">SNK</subfield>
    <subfield code="e">rda</subfield>
  </datafield>
  <datafield tag="041" ind1="0" ind2=" ">
    <subfield code="a">slo</subfield>
  </datafield>
  <datafield tag="044" ind1=" " ind2=" ">
    <subfield code="a">xo</subfield>
    <subfield code="c">SK</subfield>
  </datafield>
  <datafield tag="072" ind1=" " ind2="7">
    <subfield code="a">821.162.4-3</subfield>
    <subfield code="x">Slovensk&#xE1; pr&#xF3;za</subfield>
    <subfield code="2">konspekt</subfield>
  </datafield>
  <datafield tag="080" ind1=" " ind2=" ">
    <subfield code="a">821.162.4-3</subfield>
    <subfield code="2">2011</subfield>
  </datafield>
  <datafield tag="080" ind1=" " ind2=" ">
    <subfield code="a">(082.21)</subfield>
    <subfield code="2">2011</subfield>
  </datafield>
  <datafield tag="100" ind1="1" ind2=" ">
    <subfield code="a">Feldekov&#xE1;, O&#x13E;ga,</subfield>
    <subfield code="d">1943-2025</subfield>
    <subfield code="4">aut</subfield>
    <subfield code="9">5503</subfield>
  </datafield>
  <datafield tag="245" ind1="1" ind2="0">
    <subfield code="a">Mo&#x17E;no si zatancujeme na druhom svete</subfield>
    <subfield code="c">O&#x13E;ga Feldekov&#xE1; ; zostavila a doslov nap&#xED;sala Anna Lara</subfield>
  </datafield>
  <datafield tag="250" ind1=" " ind2=" ">
    <subfield code="a">Prv&#xE9; vydanie</subfield>
  </datafield>
  <datafield tag="264" ind1=" " ind2="1">
    <subfield code="a">Bratislava</subfield>
    <subfield code="b">Ikar</subfield>
    <subfield code="c">2023</subfield>
  </datafield>
  <datafield tag="300" ind1=" " ind2=" ">
    <subfield code="a">295 str&#xE1;n</subfield>
    <subfield code="b">ilustr&#xE1;cie</subfield>
    <subfield code="c">21 cm</subfield>
  </datafield>
  <datafield tag="336" ind1=" " ind2=" ">
    <subfield code="a">text</subfield>
    <subfield code="b">txt</subfield>
    <subfield code="2">rdacontent</subfield>
  </datafield>
  <datafield tag="337" ind1=" " ind2=" ">
    <subfield code="a">bez m&#xE9;dia</subfield>
    <subfield code="b">n</subfield>
    <subfield code="2">rdamedia</subfield>
  </datafield>
  <datafield tag="338" ind1=" " ind2=" ">
    <subfield code="a">zv&#xE4;zok</subfield>
    <subfield code="b">nc</subfield>
    <subfield code="2">rdacarrier</subfield>
  </datafield>
  <datafield tag="500" ind1=" " ind2=" ">
    <subfield code="a">V publik&#xE1;cii s&#xFA; pou&#x17E;it&#xE9; diela M&#xE1;rie Medveckej zo zbierok Liptovskej gal&#xE9;rie Petra Michala Boh&#xFA;&#x148;a v Liptovskom Mikul&#xE1;&#x161;i a Oravskej gal&#xE9;rie v Dolnom Kub&#xED;ne</subfield>
  </datafield>
  <datafield tag="500" ind1=" " ind2=" ">
    <subfield code="a">Ob&#xE1;lku s pou&#x17E;it&#xED;m portr&#xE9;tu &#x161;tvorro&#x10D;nej O&#x13E;gy Feldekovej od M&#xE1;rie Medveckej navrhla Miroslava Repisk&#xE1;</subfield>
  </datafield>
  <datafield tag="655" ind1=" " ind2="7">
    <subfield code="a">slovensk&#xE9; pr&#xF3;zy</subfield>
    <subfield code="2">SNKPH</subfield>
    <subfield code="9">2179</subfield>
  </datafield>
  <datafield tag="655" ind1=" " ind2="7">
    <subfield code="a">Slovak prose</subfield>
    <subfield code="2">SNKPHeng</subfield>
    <subfield code="9">2696</subfield>
  </datafield>
  <datafield tag="655" ind1=" " ind2="7">
    <subfield code="a">Selected works</subfield>
    <subfield code="2">SNKPHeng</subfield>
    <subfield code="9">5504</subfield>
  </datafield>
  <datafield tag="655" ind1=" " ind2="7">
    <subfield code="a">v&#xFD;bery</subfield>
    <subfield code="2">SNKPH</subfield>
    <subfield code="9">2003</subfield>
  </datafield>
  <datafield tag="700" ind1="1" ind2=" ">
    <subfield code="a">Feldekov&#xE1;, Anna,</subfield>
    <subfield code="d">1976-</subfield>
    <subfield code="4">com</subfield>
    <subfield code="4">aft</subfield>
    <subfield code="4">pht</subfield>
    <subfield code="9">5505</subfield>
  </datafield>
  <datafield tag="700" ind1="1" ind2=" ">
    <subfield code="a">Repisk&#xE1;, Miroslava,</subfield>
    <subfield code="d">1986-</subfield>
    <subfield code="4">bjd</subfield>
    <subfield code="9">5506</subfield>
  </datafield>
  <datafield tag="700" ind1="1" ind2=" ">
    <subfield code="a">Medveck&#xE1;, M&#xE1;ria,</subfield>
    <subfield code="d">1914-1987</subfield>
    <subfield code="4">ill</subfield>
    <subfield code="9">5507</subfield>
  </datafield>
  <datafield tag="958" ind1=" " ind2=" ">
    <subfield code="a">LX</subfield>
  </datafield>
  <datafield tag="952" ind1=" " ind2=" ">
    <subfield code="0">0</subfield>
    <subfield code="1">0</subfield>
    <subfield code="2">udc</subfield>
    <subfield code="4">0</subfield>
    <subfield code="7">0</subfield>
    <subfield code="8">K</subfield>
    <subfield code="a">10000</subfield>
    <subfield code="b">10000</subfield>
    <subfield code="d">2026-05-06</subfield>
    <subfield code="g">2.90</subfield>
    <subfield code="i">22537</subfield>
    <subfield code="o">B11053</subfield>
    <subfield code="p">B11053</subfield>
    <subfield code="r">2026-05-06</subfield>
    <subfield code="w">2026-05-06</subfield>
    <subfield code="y">KLDO</subfield>
  </datafield>
</record>
